| 000 | 00395nam a22001697a 4500 | ||
|---|---|---|---|
| 005 | 20260328163953.0 | ||
| 008 | 160625b xxu||||| |||| 00| 0 eng d | ||
| 020 | _a81-7929-095-6 | ||
| 041 | _aeng | ||
| 082 | _b659.13 | ||
| 100 |
_aBrooks, Pamela _9311 |
||
| 245 | _aCommunicating Through Newsletter | ||
| 260 |
_bInfinity Books _c2005 |
||
| 300 | _a93 | ||
| 650 | _aManagement | ||
| 942 | _cBK | ||
| 999 |
_c3996 _d3995 |
||